| 000 | 00619nam a2200169 a 4500 | ||
|---|---|---|---|
| 001 | 000016205 | ||
| 005 | 20200929164323.0 | ||
| 008 | 100301s1977 dr 000 0 spa d | ||
| 040 |
_aDO-SdBNP _bspa _cBNPHU |
||
| 082 |
_axxx _bS211e |
||
| 100 | 1 |
_aSánchez Peña, Francisco Iván, _d1950- _936249 |
|
| 245 | 1 | 0 |
_aEnsayo sobre el arrendamiento urbano en la República Dominicana / _cFrancisco Iván Sánchez Peña. |
| 260 |
_aSanto Domingo : _bAmigo del Hogar, _c1977. |
||
| 300 |
_a171 p. ; _c22 cm. |
||
| 500 | _aIncluye datos biográficos del autor en la contracubierta | ||
| 500 | _aIncluye notas al pie de las páginas | ||
| 999 |
_c15743 _d15743 |
||